| 000 | 00714nam a2200277Ia 4500 | ||
|---|---|---|---|
| 001 | Z_1598 | ||
| 003 | CHAP | ||
| 008 | 220113s1970 xx 000 0 und d | ||
| 010 | _a164685 | ||
| 040 | _cCHAP | ||
| 082 | _a584.9 R6 | ||
| 100 |
_aRosengurtt, B _9100129 |
||
| 245 |
_aGramíneas uruguayas / _cpor B. Rosengurtt, B. R. Arrillaga de Maffei y P. Izaguirre de Artucio |
||
| 260 |
_aMontevideo : _bUniversidad de la República, _c1970 |
||
| 300 | _a489 p. ; ilus | ||
| 440 |
_aColección ciencias ; 5 _9138745 |
||
| 500 | _aFotocopia | ||
| 503 | _a | ||
| 650 |
_aGramíneas _xUruguay _950294 |
||
| 901 | _a584.9 R6 | ||
| 902 | _aA | ||
| 910 | _a1970 | ||
| 942 | _c1 | ||
| 942 | _cc1 | ||
| 999 |
_c164685 _d164685 |
||